| 000 | 01511nam a22003377a 4500 | ||
|---|---|---|---|
| 999 |
_c328260 _d328260 |
||
| 003 | BLK | ||
| 005 | 20250116161200.0 | ||
| 008 | 181219b bu ||||| |||| 00| 0 bu d | ||
| 020 | _a978-619-195-192-5 | ||
| 040 | _aBLK | ||
| 041 |
_aBUL _cBUL |
||
| 080 |
_aЕлектротехника _b621.3 _x(73=861) _z621.3(73=861) |
||
| 080 |
_aСръбско-американски изобретател, физик и електромашинен инженер _b929 Тесла, Никола _z929 Тесла, Никола |
||
| 100 |
_aСайфър, Марк Дж. _eпърви автор _91299 |
||
| 139 |
_aСайфър, Марк Дж. _bТ 53 |
||
| 245 |
_aВълшебникът _bЖивотът и епохата на Никола Тесла : Биографията на един гений _cМарк Дж. Сайфър |
||
| 260 |
_9214104 _aСофия _bКнигомания _c2018 |
||
| 300 |
_a568 с. _b8л. ил. _c24 см |
||
| 380 | _a62 | ||
| 600 | 1 | 4 |
_aТесла, Никола _9128715 |
| 650 | 7 |
_9154653 _aЕлектроинженери - биографии |
|
| 650 | 0 |
_9258541 _aЕлектротехника - САЩ - история |
|
| 653 | 7 |
_9187397 _aизобретатели |
|
| 653 | 7 |
_9186083 _aелектричество |
|
| 700 |
_9363854 _aКожухаров, Кънчо _eпрев. |
||
| 700 |
_91311 _aБенбасат, Алберт _eред. |
||
| 852 |
_aЦб 292925 _bЦб |
||
| 942 |
_cKNG _n0 _01 |
||
| 999 | _d328260 | ||
| 944 |
_k30530 _lМинев Младен |
||